| 000 | 01041nac a22002531u 4500 | ||
|---|---|---|---|
| 008 | 100908t2004 xxu|||||r|||| 001 0 eng d | ||
| 010 | _a2003051048 | ||
| 020 | _a0072483059 | ||
| 020 | _a9780071232609 | ||
| 082 | 0 | 0 |
_a624.18341 _bNIL _222 |
| 100 |
_aNilson, Arthur H. _918738 |
||
| 245 | 1 | 0 |
_aDesign of Concrete Structures / _cArthur H. Nilson, David Darwin, Charles W. Dolan. |
| 250 | _a6th ed. | ||
| 260 |
_aBoston : _bMcGraw-Hill Higher Education, _cc2004. |
||
| 300 |
_axvii, 779 p. : _bill. ; _c26 cm. |
||
| 504 | _aIncludes bibliographical references and index. | ||
| 650 | 0 |
_aReinforced concrete construction. _918739 |
|
| 650 | 0 |
_aPrestressed concrete construction. _918740 |
|
| 700 | 1 |
_aDarwin, David. _918741 |
|
| 700 | 1 |
_aDolan, Charles W. _q(Charles William), _d1943- _918742 |
|
| 856 | 4 | 2 |
_3Publisher description _uhttp://www.loc.gov/catdir/enhancements/fy0702/2003051048-d.html |
| 856 | 4 | 2 |
_3Table of contents only _uhttp://www.loc.gov/catdir/enhancements/fy0702/2003051048-t.html |
| 942 |
_cBB _k624.18341NIL _2ddc |
||
| 999 |
_c1554 _d1554 |
||